000 007330000a22002290004500
003 LK-CoMWRAF
005 20231106145722.0
008 230817t1990 ||||| |||| 00| 0 eng d
020 _a9559092006
040 _aLK-CoMWRAF
_dLK-CoMWRAF
_eLK-CoMWRAF
041 _aeng
082 _a574.5
_bZOY
100 _aZoysa, Neela de
245 _aSinharaja, a rain forest in Sri Lanka
260 _aColombo:
_bMarch for Conservation,
_c1987
300 _a vii, 61 p. : ill. (some col.), maps ; 24 cm.
650 _aSINHARAJA FOREST RESERVE (SRI LANKA)
650 _a Natural history--Sri Lanka--Sinharaja Forest Reserve
650 _aRain forest ecology--Sri Lanka--Sinharaja Forest Reserve
700 _aRaheem, Ryhana
942 _cBK
999 _c1765
_d1765